Vplyv kultúry na vývoj súčasných medzinárodných vzťahov diplomová práca

Salvato in:
Dettagli Bibliografici
Autore principale: Koňuchová, Soňa
Ente Autore: Fakulta medzinárodných vzťahov EU. Katedra medzinárodných politických vzťahov
Altri autori: Márton, Milan
Natura: Libro
Lingua:slovacco
Pubblicazione: Bratislava 2008
Tags: Aggiungi Tag
Nessun Tag, puoi essere il primo ad aggiungerne!!

MARC

LEADER 00000nam$a2200000$$$4500
001 0075986
005 20240201120707.5
041 0 |a slo 
044 |a SK 
245 1 0 |a Vplyv kultúry na vývoj súčasných medzinárodných vzťahov  |b diplomová práca  |c Soňa Koňuchová ; škol. Milan Márton 
264 1 |a Bratislava  |c 2008 
300 |a 68 s. 
100 1 |a Koňuchová, Soňa 
700 1 |a Márton, Milan 
710 2 |a Fakulta medzinárodných vzťahov EU. Katedra medzinárodných politických vzťahov